Ορθολογική λήψη αποφάσεων : μια ολοκληρωμένη προσέγγιση
Αποθηκεύτηκε σε:
| Κύριος συγγραφέας: | |
|---|---|
| Άλλοι συγγραφείς: | |
| Μορφή: | Βιβλίο |
| Γλώσσα: | Greek English |
| Δημοσίευση: |
Πάτρα :
Gotsis,
2007.
|
| Έκδοση: | 2η έκδ. |
| Θέματα: | |
| Ετικέτες: |
Προσθήκη ετικέτας
Δεν υπάρχουν, Καταχωρήστε ετικέτα πρώτοι!
|
MARC
| LEADER | 00000cam a2200000 i 4500 | ||
|---|---|---|---|
| 001 | 1/9904 | ||
| 008 | 100802s2007 gr | ||| |||| ||gre|| | ||
| 020 | |a 9608771005 | ||
| 035 | |l 10108815 | ||
| 040 | |a GR-MyUA |b gre |e AACR2 | ||
| 041 | 1 | |a gre |h eng | |
| 082 | 0 | |a 658.403 |2 (22) | |
| 100 | 1 | |a Golub, Andrew Lang. | |
| 245 | 1 | 0 | |a Ορθολογική λήψη αποφάσεων : |b μια ολοκληρωμένη προσέγγιση / |c Andrew Lang Golub ; επιμέλεια Ιωάννης Μητρόπουλος. |
| 250 | |a 2η έκδ. | ||
| 260 | |a Πάτρα : |b Gotsis, |c 2007. | ||
| 300 | |a 271 σ. : |b εικ. ; |c 24 εκ. | ||
| 504 | |a Ευρετήριο: σ. 265-271. | ||
| 650 | 0 | 0 | |a Decision making. |
| 700 | 1 | |a Μητρόπουλος, Ιωάννης Α. |e edt | |
| 765 | 0 | 8 | |i Μετάφραση του: |t Decision analysis : |
| 852 | |a INST |b CHIOS |e 20100802 |h 658.403 GOL |p 005200032273 |q 005200032273 |t BK |y 0 | ||
| 852 | |a INST |b CHIOS |e 20100802 |h 658.403 GOL |p 005200032274 |q 005200032274 |t BK |y 0 | ||
| 852 | |a INST |b CHIOS |c EUDOXUS |e 20120321 |h 658.403 GOL |p 005200032875 |q 005200032875 |t EDX |y 0 | ||
| 852 | |a INST |b CHIOS |c EUDOXUS |e 20140203 |h 658.403 GOL |p 005200034590 |q 005200034590 |t EDX |y 0 | ||
| 852 | |a INST |b CHIOS |c EUDOXUS |e 20140203 |h 658.403 GOL |p 005200034591 |q 005200034591 |t EDX |y 0 | ||
| 852 | |a INST |b CHIOS |c EUDOXUS |e 20140203 |h 658.403 GOL |p 005200034592 |q 005200034592 |t EDX |y 0 | ||
| 852 | |a INST |b CHIOS |c EUDOXUS |e 20140203 |h 658.403 GOL |p 005200034593 |q 005200034593 |t EDX |y 0 | ||
| 852 | |a INST |b CHIOS |c EUDOXUS |e 20140203 |h 658.403 GOL |p 005200034594 |q 005200034594 |t EDX |y 0 | ||
| 901 | |a BIBL2-2010-2 | ||
| 901 | |a BIBL2-2012-1 | ||
| 901 | |a BIBL2-2014-1 | ||
| 909 | |a Χ |b 148623 | ||
| 909 | |a Χ |b 169175 | ||
| 909 | |a Χ |b 148624 | ||
| 909 | |a Χ |b 180227 | ||
| 909 | |a Χ |b 180228 | ||
| 909 | |a Χ |b 180229 | ||
| 909 | |a Χ |b 180230 | ||
| 909 | |a Χ |b 180231 | ||
| 920 | |a ΕΥΔΟΞΟΣ |b ΕΠΙΣΤΡΟΦΗ |y Χίος |z 2012-03 | ||
| 920 | |a ΕΥΔΟΞΟΣ |b ΠΑΡΑΓΓΕΛΙΑ |y Χίος-ΤΜΟΔ |z 2014-01 | ||
| 970 | |a ΣΠΕΝΤΖΑ |b ΕΛΕΝΗ |z 2010/08/02 | ||